[Event "BL 8586 Solingen-Porz"]
[Site "?"]
[Date "1985.??.??"]
[Round "?.7"]
[White "Gerusel, M."]
[Black "Borik, O."]
[Result "1-0"]
[WhiteElo "2390"]
[BlackElo "2365"]
[PlyCount "111"]
[EventDate "1985.??.??"]

1. Nf3 c5 2. g3 Nc6 3. c4 e6 4. d3 Nf6 5. Bg2 Be7 6. O-O O-O 7. e4 d6 8. Nc3
Bd7 9. d4 cxd4 10. Nxd4 a6 11. Be3 Rc8 12. Nxc6 Bxc6 13. a4 b6 14. Rc1 Nd7 15.
b3 Rb8 16. Ne2 Ba8 17. Nd4 g6 18. Qc2 Re8 19. Rcd1 Bf8 20. Rfe1 Qc7 21. Qb1
Rec8 22. Rc1 Qd8 23. Red1 Qe8 24. h3 Bg7 25. Kh2 h5 26. Ne2 Qe7 27. Rd2 h4 28.
g4 g5 29. Nd4 Ne5 30. Rcd1 Rd8 31. Kh1 Bf6 32. Qc1 Ng6 33. Re2 Kg7 34. Rf1 Bxd4
35. Bxd4+ e5 36. Be3 f6 37. Rd2 Qc7 38. Rfd1 Rd7 39. Qa3 Rbd8 40. Qb4 b5 41.
cxb5 axb5 42. a5 Qc6 43. Bb6 Rc8 44. Rxd6 Rxd6 45. Qxd6 Qxd6 46. Rxd6 Rc1+ 47.
Kh2 Nf4 48. Be3 Rc2 49. Bf3 Rc3 50. Rd7+ Kg6 51. Rd8 Bc6 52. a6 Rxb3 53. Rc8
Bd7 54. Rc7 Be6 55. a7 Ra3 56. Rb7 1-0

[Event "BL 8586 Solingen-Porz"]
[Site "?"]
[Date "1985.??.??"]
[Round "?.8"]
[White "Borngaesser, R."]
[Black "Schmidt, B."]
[Result "1-0"]
[WhiteElo "2365"]
[BlackElo "2340"]
[PlyCount "31"]
[EventDate "1985.??.??"]

1. e4 e6 2. d4 d5 3. Nd2 Nf6 4. e5 Nfd7 5. f4 g6 6. c4 dxc4 7. Nxc4 Nb6 8. Nxb6
axb6 9. Bc4 Nc6 10. Nf3 Ne7 11. O-O Bd7 12. Ng5 Bc6 13. f5 gxf5 14. Nxf7 Kxf7
15. Qh5+ Ng6 16. Qxf5+ 1-0

[Event "BL 8586 Erlangen-Sindelfingen"]
[Site "?"]
[Date "1985.??.??"]
[Round "?.1"]
[White "Fahnenschmidt, G."]
[Black "Hartmann, Wo"]
[Result "1-0"]
[WhiteElo "2335"]
[BlackElo "2315"]
[PlyCount "84"]
[EventDate "1985.??.??"]

1. d4 Nf6 2. c4 e6 3. Nf3 Bb4+ 4. Nbd2 c5 5. e3 b6 6. Bd3 Bb7 7. O-O cxd4 8.
exd4 O-O 9. a3 Be7 10. b3 d6 11. Bb2 Nbd7 12. Rc1 Re8 13. Re1 Nf8 14. Nb1 Rc8
15. Nc3 Ng6 16. Bf1 h6 17. Nb1 Nh7 18. Nbd2 Qc7 19. g3 Qb8 20. h4 Ngf8 21. Bh3
Rcd8 22. Nf1 Qa8 23. Rc3 Nf6 24. Rce3 a6 25. N3d2 b5 26. f4 bxc4 27. bxc4 Qa7
28. d5 Ba8 29. Qa1 exd5 30. Bd4 Qc7 31. cxd5 Nxd5 32. Bxg7 Nxe3 33. Nxe3 Qb7
34. Bg2 Qa7 35. Bd4 Qd7 36. Bxa8 Rxa8 37. Nd5 Bxh4 38. Ne4 Rxe4 39. Rxe4 Qg4
40. Bf2 Bd8 41. Re8 Rc8 42. Rxd8 Rxd8 1-0

[Event "BL 8586 Bamberg-Zähringen"]
[Site "?"]
[Date "1985.??.??"]
[Round "?.1"]
[White "Vatter, H."]
[Black "Pfleger, He"]
[Result "0-1"]
[WhiteElo "2260"]
[BlackElo "2490"]
[PlyCount "134"]
[EventDate "1985.??.??"]

1. e4 d6 2. d4 Nf6 3. Nc3 g6 4. f4 Bg7 5. Nf3 O-O 6. Be2 c5 7. dxc5 Qa5 8. O-O
Qxc5+ 9. Kh1 Nc6 10. Qe1 d5 11. e5 Ne4 12. Nxe4 dxe4 13. Nd2 Nd4 14. Nxe4 Qc6
15. Bd3 Nxc2 16. Bxc2 Qxc2 17. Rf2 Qd3 18. Bd2 Bf5 19. Ng3 Be6 20. Bb4 Rfe8 21.
a3 Rac8 22. Rd1 Qb3 23. Bc3 Red8 24. Rfd2 Rxd2 25. Rxd2 Bh6 26. Rd4 Qc2 27. Rd2
Qb3 28. Rd4 Kg7 29. Qf2 Qa2 30. Qf3 Rc4 31. h3 Rxd4 32. Bxd4 Bd5 33. Qf2 b6 34.
f5 Qb1+ 35. Kh2 Kg8 36. f6 e6 37. Nf1 Qe4 38. Kg1 Bf4 39. Bc3 Bxe5 40. Bxe5
Qxe5 41. Ne3 h5 42. Kf1 Kh7 43. h4 g5 44. hxg5 Qxg5 45. Qc2+ Kh6 46. Qc3 Kg6
47. Kg1 h4 48. Qd3+ Kxf6 49. Qd4+ Kg6 50. Ng4 f6 51. Ne3 Qg3 52. Nxd5 exd5 53.
Qa4 Qe1+ 54. Kh2 d4 55. Qxa7 d3 56. Qd7 Qg3+ 57. Kh1 Qe1+ 58. Kh2 Qe5+ 59. Kh1
Qe2 60. Qd8 Qe1+ 61. Kh2 Qg3+ 62. Kh1 Qe1+ 63. Kh2 d2 64. Qg8+ Kf5 65. Qc8+ Kf4
66. Qc4+ Qe4 67. Qb3 Qe5 0-1

[Event "BL 8586 Bamberg-Zähringen"]
[Site "?"]
[Date "1985.??.??"]
[Round "?.2"]
[White "Seppeur, R."]
[Black "Herbrechtsmeier, C."]
[Result "1/2-1/2"]
[WhiteElo "2295"]
[BlackElo "2330"]
[PlyCount "44"]
[EventDate "1985.??.??"]

1. e4 e5 2. Nf3 Nc6 3. c3 d5 4. Bb5 dxe4 5. Nxe5 Qg5 6. Qa4 Qxg2 7. Bxc6+ bxc6
8. Qxc6+ Kd8 9. Rf1 Bh3 10. Qxa8+ Ke7 11. Kd1 Qxf1+ 12. Kc2 Bg4 13. b3 Bd1+ 14.
Kb2 f6 15. Nc4 Qd3 16. Ne3 Bf3 17. Qxa7 Qd7 18. a4 Kf7 19. a5 Ne7 20. Qa6 Nc6
21. Qb5 Bd6 22. a6 Ne5 1/2-1/2

[Event "BL 8586 Bamberg-Zähringen"]
[Site "?"]
[Date "1985.??.??"]
[Round "?.3"]
[White "Kiefer, G."]
[Black "Rodriguez, M."]
[Result "1-0"]
[WhiteElo "2220"]
[BlackElo "2465"]
[PlyCount "37"]
[EventDate "1985.??.??"]

1. e4 c5 2. Nf3 d6 3. d4 cxd4 4. Nxd4 Nf6 5. Nc3 Nc6 6. Bc4 e6 7. Be3 Be7 8.
Qe2 a6 9. O-O-O Bd7 10. Rhg1 Qc7 11. g4 h5 12. g5 Ng4 13. g6 Nge5 14. gxf7+
Kxf7 15. Bxe6+ Bxe6 16. Rxg7+ Ke8 17. Nxe6 Qa5 18. f4 Nd7 19. Rd5 1-0

[Event "BL 8586 Bamberg-Zähringen"]
[Site "?"]
[Date "1985.??.??"]
[Round "?.4"]
[White "Ruehrig, V."]
[Black "Miltner, A."]
[Result "0-1"]
[WhiteElo "2375"]
[BlackElo "2285"]
[PlyCount "84"]
[EventDate "1985.??.??"]

1. e4 c6 2. Nc3 d5 3. Nf3 dxe4 4. Nxe4 Nf6 5. Nxf6+ gxf6 6. b3 Bg4 7. Bb2 e6 8.
Qe2 Nd7 9. O-O-O Bd6 10. Qe4 Bf5 11. Qe3 Qe7 12. Nh4 Bg6 13. Kb1 Rg8 14. Be2 a5
15. a4 Kd8 16. f4 f5 17. Nf3 Bh5 18. g3 Kc7 19. Rhe1 Bc5 20. d4 Ba3 21. Ne5
Bxe2 22. Rxe2 Bb4 23. c4 Nf6 24. d5 exd5 25. cxd5 Rgd8 26. Nxf7 Qxf7 27. Qe5+
Rd6 28. Qxf5 Rxd5 29. Rxd5 Qxd5 30. Re5 Qd1+ 31. Ka2 Nd5 32. Qxh7+ Kb6 33. Qh5
Qc2 34. Rxd5 Bc3 35. Rb5+ Ka6 36. Rxa5+ Bxa5 37. Qe5 Rd8 38. Ka3 Rd3 39. Qe6
Kb6 40. f5 Bb4+ 41. Ka2 Bc3 42. a5+ Ka7 0-1

[Event "BL 8586 Zähringen-Erlangen"]
[Site "?"]
[Date "1985.??.??"]
[Round "?.1"]
[White "Hartmann, Wo"]
[Black "Vatter, H."]
[Result "1/2-1/2"]
[WhiteElo "2315"]
[BlackElo "2260"]
[PlyCount "58"]
[EventDate "1985.??.??"]

1. f4 c5 2. d3 Nc6 3. e4 e6 4. c3 d5 5. Nd2 Qc7 6. g3 Nf6 7. Bg2 Be7 8. Ne2
dxe4 9. dxe4 b6 10. O-O O-O 11. e5 Nd7 12. b3 Ba6 13. c4 Rad8 14. Bb2 Bb7 15.
Nc3 Nd4 16. Nb5 Nxb5 17. cxb5 Bxg2 18. Kxg2 a6 19. a4 Rfe8 20. Qe2 Ra8 21. Nc4
Nf8 22. h4 Reb8 23. Qf3 axb5 24. axb5 Rxa1 25. Rxa1 Qd7 26. Qc6 Qd3 27. Qf3 Qd7
28. Qc6 Qd3 29. Qf3 Qd7 1/2-1/2

[Event "BL 8586 Zähringen-Erlangen"]
[Site "?"]
[Date "1985.??.??"]
[Round "?.2"]
[White "Herbrechtsmeier, C."]
[Black "Huenerkopf, H."]
[Result "1/2-1/2"]
[WhiteElo "2330"]
[BlackElo "2320"]
[PlyCount "84"]
[EventDate "1985.??.??"]

1. e4 c5 2. Nf3 d6 3. d4 cxd4 4. Nxd4 Nf6 5. Nc3 a6 6. Bg5 e6 7. f4 Qb6 8. Qd2
Qxb2 9. Rb1 Qa3 10. f5 Nc6 11. fxe6 fxe6 12. Nxc6 bxc6 13. Be2 Be7 14. O-O O-O
15. Rb3 Qa5 16. Nd5 Qd8 17. Nxe7+ Qxe7 18. Rd3 Qa7+ 19. Be3 Qe7 20. Bg5 Qa7+
21. Kh1 d5 22. Bxf6 Rxf6 23. Rxf6 gxf6 24. Qh6 Qe7 25. Rg3+ Kh8 26. e5 f5 27.
Qf6+ Qxf6 28. exf6 Bd7 29. Rg7 Be8 30. Re7 Kg8 31. Rg7+ Kf8 32. Rxh7 Rb8 33. h4
Rb2 34. h5 Rxc2 35. h6 Bg6 36. Rg7 Rxe2 37. Rxg6 Re4 38. g4 Kf7 39. h7 Re1+ 40.
Kg2 Re2+ 41. Kg1 Re1+ 42. Kg2 Re2+ 1/2-1/2

[Event "BL 8586 Zähringen-Erlangen"]
[Site "?"]
[Date "1985.??.??"]
[Round "?.3"]
[White "Heidrich, M."]
[Black "Kiefer, G."]
[Result "1/2-1/2"]
[WhiteElo "2260"]
[BlackElo "2220"]
[PlyCount "33"]
[EventDate "1985.??.??"]

1. e4 c5 2. Nf3 e6 3. c3 d5 4. exd5 Qxd5 5. d4 Nf6 6. Be2 Nc6 7. Na3 Qd8 8. Nc2
Be7 9. O-O O-O 10. Bg5 Qb6 11. Qc1 Rd8 12. dxc5 Qxc5 13. Ne3 Ne5 14. Nxe5 Qxe5
15. Bh4 Bd7 16. Bf3 Qc7 17. Bg3 1/2-1/2

[Event "BL 8586 Zähringen-Erlangen"]
[Site "?"]
[Date "1985.??.??"]
[Round "?.4"]
[White "Miltner, A."]
[Black "Roeder, G."]
[Result "1-0"]
[WhiteElo "2285"]
[BlackElo "2315"]
[PlyCount "65"]
[EventDate "1985.??.??"]

1. d4 d5 2. Nf3 Nf6 3. c4 c6 4. Qc2 Bg4 5. Ne5 e6 6. Nxg4 Nxg4 7. e3 Bd6 8. g3
Nd7 9. Be2 h5 10. h3 Ngf6 11. Nc3 Rc8 12. Bd2 a6 13. c5 Bc7 14. O-O-O e5 15. g4
g6 16. dxe5 Bxe5 17. f4 Bb8 18. g5 Nh7 19. Na4 Qe7 20. Bd3 Ba7 21. Bc3 Rg8 22.
e4 dxe4 23. Rhe1 Nhf8 24. Rxe4 Ne6 25. Bc4 Ndf8 26. Bf6 Qc7 27. Qb3 Rb8 28. Kb1
b5 29. cxb6 Rxb6 30. Bxe6 Nxe6 31. Rxe6+ fxe6 32. Qxe6+ Kf8 33. Rd7 1-0

[Event "BL 8586 Zähringen-Erlangen"]
[Site "?"]
[Date "1985.??.??"]
[Round "?.5"]
[White "Tischer, G."]
[Black "Arnold, L."]
[Result "1/2-1/2"]
[WhiteElo "2335"]
[BlackElo "2305"]
[PlyCount "101"]
[EventDate "1985.??.??"]

1. c4 e5 2. Nc3 Nf6 3. g3 Bb4 4. Bg2 O-O 5. e4 Bxc3 6. dxc3 b6 7. Nh3 Bb7 8.
O-O Nxe4 9. Qe2 f5 10. Ng5 Qf6 11. Nxe4 Bxe4 12. Bxe4 fxe4 13. Qxe4 Nc6 14. Be3
Qf3 15. Qd5+ Rf7 16. Qxf3 Rxf3 17. c5 bxc5 18. Bxc5 Rb8 19. Rab1 Kf7 20. Be3 d5
21. Kg2 e4 22. b3 Ke6 23. Rb2 a6 24. Rd2 Ne5 25. h3 Rbf8 26. Rfd1 c6 27. Rd4
R3f7 28. c4 Nd3 29. cxd5+ cxd5 30. Ra4 Ra8 31. Rd2 h5 32. Kf1 Rc7 33. Ke2 Rc1
34. Rxd3 exd3+ 35. Kxd3 Rc6 36. g4 g6 37. gxh5 gxh5 38. Rb4 Rf8 39. h4 Rf3 40.
Ke2 Rf7 41. Kd3 Rf3 42. Ke2 Rh3 43. Kf1 Rh1+ 44. Kg2 Ra1 45. Ra4 Kf5 46. Kf3
Rg6 47. Ra5 Ke5 48. Bf4+ Kd4 49. Be3+ Ke5 50. Bf4+ Kd4 51. Be3+ 1/2-1/2

[Event "BL 8586 Zähringen-Erlangen"]
[Site "?"]
[Date "1985.??.??"]
[Round "?.6"]
[White "Raupp, T."]
[Black "Autenrieth, M."]
[Result "1-0"]
[WhiteElo "2275"]
[BlackElo "2315"]
[PlyCount "99"]
[EventDate "1985.??.??"]

1. c4 d6 2. Nc3 e5 3. d4 Nd7 4. g3 g6 5. Bg2 Bg7 6. Nf3 Ngf6 7. O-O O-O 8. e4
c6 9. h3 Qb6 10. Re1 exd4 11. Nxd4 Ne8 12. Nb3 a5 13. Qc2 a4 14. Nd2 Nc5 15.
Rb1 Qa5 16. Nf1 f5 17. Bd2 Qc7 18. Ne3 fxe4 19. Nxe4 Nxe4 20. Qxe4 Qf7 21. Re2
Nc7 22. Qd3 Ne6 23. Bc3 Bxc3 24. Qxc3 Ng5 25. Ng4 Bxg4 26. hxg4 Qd7 27. Rbe1
Qxg4 28. Re7 Rf7 29. f4 Rxe7 30. Rxe7 Nf7 31. Rxb7 Qd1+ 32. Kf2 Qh5 33. Qe3 g5
34. Bxc6 gxf4 35. gxf4 Qh2+ 36. Bg2 Rf8 37. Qg3+ Qxg3+ 38. Kxg3 Nh6 39. Bd5+
Kh8 40. Kf3 Nf5 41. Rf7 Rxf7 42. Bxf7 Kg7 43. Be8 a3 44. bxa3 Kf6 45. Ke4 h5
46. Bxh5 Ng3+ 47. Kd5 Nxh5 48. a4 Nxf4+ 49. Kxd6 Ne6 50. a5 1-0

[Event "BL 8586 Zähringen-Erlangen"]
[Site "?"]
[Date "1985.??.??"]
[Round "?.7"]
[White "Roeder, F."]
[Black "Schuh, H."]
[Result "1/2-1/2"]
[WhiteElo "2250"]
[BlackElo "2300"]
[PlyCount "70"]
[EventDate "1985.??.??"]

1. e4 c5 2. d4 cxd4 3. c3 d5 4. exd5 Qxd5 5. cxd4 Nc6 6. Nf3 e6 7. Nc3 Qa5 8.
d5 exd5 9. Qxd5 Bb4 10. Qxa5 Bxa5 11. Bd2 Bf5 12. Bb5 Nge7 13. Ne5 O-O 14. Nxc6
Nxc6 15. Bxc6 bxc6 16. O-O-O Bb6 17. Rhe1 Rfe8 18. Be3 Ba5 19. Bxa7 Rxe1 20.
Rxe1 Bxc3 21. bxc3 Be6 22. Bd4 Rxa2 23. Kb1 Ra3 24. Re3 Rb3+ 25. Kc2 Rb5 26.
Rg3 g6 27. Kd3 Bf5+ 28. Ke3 c5 29. Be5 Rb6 30. Kf4 f6 31. Bc7 Rb2 32. Rf3 h5
33. Kg3 Kf7 34. h4 Bg4 35. Re3 Be6 1/2-1/2

[Event "BL 8586 HSK-München 36"]
[Site "?"]
[Date "1985.??.??"]
[Round "?.1"]
[White "Smejkal, J."]
[Black "Chandler, M."]
[Result "0-1"]
[WhiteElo "2565"]
[BlackElo "2525"]
[PlyCount "66"]
[EventDate "1985.??.??"]

1. c4 Nf6 2. Nf3 e6 3. g3 d5 4. d4 dxc4 5. Bg2 a6 6. O-O b5 7. Ne5 Nd5 8. a4
Bb7 9. e4 Nf6 10. axb5 axb5 11. Rxa8 Bxa8 12. Nc3 c6 13. Bg5 Bb7 14. d5 Be7 15.
dxe6 fxe6 16. Qe2 O-O 17. h4 Qe8 18. h5 Nbd7 19. Nxd7 Nxd7 20. Bxe7 Qxe7 21. e5
Nc5 22. Ra1 Qg5 23. Kh2 Rf5 24. f4 Qxh5+ 25. Qxh5 Rxh5+ 26. Kg1 Rf5 27. Ne2 Rf7
28. Nd4 Rd7 29. Nxc6 Rd2 30. Ne7+ Kf7 31. Bxb7 Kxe7 32. Bc6 Rxb2 33. Ra7+ Kd8
0-1

[Event "BL 8586 HSK-München 36"]
[Site "?"]
[Date "1985.??.??"]
[Round "?.2"]
[White "Reefschlaeger, H."]
[Black "Nikolac, J."]
[Result "1-0"]
[WhiteElo "2395"]
[BlackElo "2440"]
[PlyCount "77"]
[EventDate "1985.??.??"]

1. d4 Nf6 2. c4 e6 3. g3 d5 4. Bg2 Bb4+ 5. Bd2 Be7 6. Nf3 O-O 7. O-O Nbd7 8.
Qb3 c6 9. Bb4 a5 10. Bxe7 Qxe7 11. Nbd2 a4 12. Qc3 b5 13. c5 Ba6 14. Rfe1 h6
15. b4 axb3 16. axb3 Ne8 17. e4 Nc7 18. Ne5 Nxe5 19. dxe5 Rfd8 20. exd5 Nxd5
21. Bxd5 exd5 22. Nf3 Bb7 23. Rxa8 Rxa8 24. Nd4 Ra2 25. f4 g6 26. e6 f5 27. h4
h5 28. Qe3 Ra8 29. b4 Qf6 30. Qc3 Re8 31. Qa1 Kf8 32. Re5 Ra8 33. e7+ Qxe7 34.
Qe1 Qf6 35. Qe3 Bc8 36. Nf3 Bd7 37. Ng5 Qg7 38. Kh2 Ra1 39. Re8+ 1-0

[Event "BL 8586 HSK-München 36"]
[Site "?"]
[Date "1985.??.??"]
[Round "?.3"]
[White "Bastian, H."]
[Black "Wahls, M."]
[Result "0-1"]
[WhiteElo "2375"]
[BlackElo "2285"]
[PlyCount "100"]
[EventDate "1985.??.??"]

1. e4 c5 2. Nc3 Nc6 3. g3 g6 4. Bg2 Bg7 5. d3 e6 6. Be3 d6 7. f4 Nge7 8. Nf3
O-O 9. O-O Rb8 10. Qe1 b6 11. Rd1 Ba6 12. Rf2 Nd4 13. Nb1 Qd7 14. Nh4 f5 15. c3
Ndc6 16. Na3 b5 17. b4 cxb4 18. cxb4 Nd4 19. Nc2 Nec6 20. Nxd4 Nxd4 21. Nf3
Nxf3+ 22. Bxf3 Rbc8 23. Rc1 Bb7 24. Rfc2 a6 25. Qe2 Rxc2 26. Rxc2 Rc8 27. Rxc8+
Qxc8 28. exf5 gxf5 29. Bxb7 Qxb7 30. Qc2 h6 31. a4 bxa4 32. Qxa4 Qf3 33. Qe8+
Kh7 34. Qxe6 Qd1+ 35. Kf2 Qc2+ 36. Kf3 Qxd3 37. g4 Qf1+ 38. Bf2 Qh3+ 39. Bg3
Qxg4+ 40. Ke3 Qg6 41. Qc4 Qe8+ 42. Kf3 Qb5 43. Qe6 Qd3+ 44. Kg2 Qe4+ 45. Qxe4
fxe4 46. f5 d5 47. Bd6 Kg8 48. Bc5 Kf7 49. Kf2 Be5 50. h3 Kf6 0-1

[Event "BL 8586 HSK-München 36"]
[Site "?"]
[Date "1985.??.??"]
[Round "?.4"]
[White "Gruenberg, Ra"]
[Black "Kaiser, W."]
[Result "1/2-1/2"]
[WhiteElo "2270"]
[BlackElo "2355"]
[PlyCount "47"]
[EventDate "1985.??.??"]

1. d4 Nf6 2. c4 c5 3. d5 e6 4. Nc3 exd5 5. cxd5 d6 6. e4 g6 7. f3 Bg7 8. Bg5
O-O 9. Qd2 a6 10. a4 Re8 11. Nge2 Nbd7 12. Ng3 Qe7 13. Be2 Qf8 14. O-O h6 15.
Be3 h5 16. Rab1 Nh7 17. Nh1 f5 18. Nf2 Qe7 19. b4 b6 20. bxc5 bxc5 21. Bh6 Bd4
22. Be3 Bh8 23. Ncd1 Ndf6 24. Bd3 1/2-1/2

[Event "BL 8586 HSK-München 36"]
[Site "?"]
[Date "1985.??.??"]
[Round "?.6"]
[White "Wegner, H."]
[Black "Krause, C."]
[Result "1/2-1/2"]
[WhiteElo "2210"]
[BlackElo "2250"]
[PlyCount "164"]
[EventDate "1985.??.??"]

1. d4 g6 2. c4 Bg7 3. Nc3 d6 4. e4 Nf6 5. Nf3 Bg4 6. Be2 O-O 7. Ng1 Bxe2 8.
Ngxe2 Nfd7 9. Bg5 c5 10. d5 Na6 11. Qd2 Nc7 12. O-O a6 13. a4 Rb8 14. a5 b5 15.
axb6 Rxb6 16. Nc1 Nf6 17. Ra3 Qd7 18. h3 Rfb8 19. b3 Nfe8 20. f4 h6 21. Bh4
Bxc3 22. Qxc3 e6 23. f5 exf5 24. exf5 Ng7 25. fxg6 fxg6 26. Qf6 Kh7 27. Qf7
Qxf7 28. Rxf7 R8b7 29. Bd8 Nce8 30. Rf8 Nc7 31. Ra2 Rb4 32. Raf2 a5 33. R2f7
Nce8 34. Bxa5 Rxf7 35. Rxf7 Rb8 36. g4 Ra8 37. Bc3 g5 38. Kf2 Kg6 39. Rd7 Ra6
40. Kf3 Nf6 41. Rc7 Nge8 42. Rb7 h5 43. Re7 hxg4+ 44. hxg4 Ng7 45. Bb2 Rb6 46.
Ra7 Rb8 47. Ra6 Nge8 48. Bc3 Rb7 49. Ra2 Rh7 50. Bxf6 Nxf6 51. Ne2 Rf7 52. Ra6
Nxd5+ 53. Kg3 Nf6 54. Rxd6 Kg7 55. Re6 Rd7 56. Re3 Rd1 57. Re5 Rd3+ 58. Kg2 Kg6
59. Rxc5 Rxb3 60. Nd4 Re3 61. Nf3 Re4 62. Rxg5+ Kh6 63. c5 Rxg4+ 64. Rxg4 Nxg4
65. Kg3 Nf6 66. Kf4 Nd5+ 67. Ke5 Nb4 68. Kf6 Nd5+ 69. Ke6 Nb4 70. Ne5 Kg5 71.
Kd6 Kf5 72. Nd3 Nc2 73. Kd5 Ne3+ 74. Kd4 Nc2+ 75. Kc4 Ne3+ 76. Kb5 Nc2 77. Kb6
Nd4 78. Nb4 Ke6 79. Ka7 Nb3 80. c6 Nd4 81. c7 Nb5+ 82. Kb7 Nxc7 1/2-1/2

[Event "BL 8586 Lasker-Bayern"]
[Site "?"]
[Date "1985.??.??"]
[Round "?.1"]
[White "Ribli, Z."]
[Black "Wockenfuss, K."]
[Result "1-0"]
[WhiteElo "2605"]
[BlackElo "2370"]
[PlyCount "97"]
[EventDate "1985.??.??"]

1. Nf3 g6 2. d4 Bg7 3. c4 d6 4. Nc3 Nd7 5. e4 e5 6. Be2 Ngf6 7. O-O O-O 8. Be3
c6 9. d5 c5 10. a3 h6 11. g3 Ne8 12. Nh4 Kh7 13. Qc2 Ndf6 14. b4 b6 15. Rab1
Bh3 16. Rfd1 Ng8 17. a4 Bf6 18. Ng2 Bg7 19. a5 f5 20. exf5 gxf5 21. Nh4 Ne7 22.
bxc5 bxc5 23. Rb7 Kg8 24. f4 e4 25. Nb5 Bf6 26. Nxa7 Bxh4 27. gxh4 Rf7 28. Kh1
Rg7 29. Rg1 Rxg1+ 30. Kxg1 Ng6 31. Qc3 Bg4 32. Bxg4 fxg4 33. Nc6 Qc8 34. a6
Rxa6 35. Rb8 Rxc6 36. Rxc8 Rxc8 37. h3 h5 38. hxg4 hxg4 39. Qc2 Nf6 40. Qb2 Rf8
41. Qb6 Ne8 42. Bxc5 Nxf4 43. Bxd6 Nxd6 44. Qxd6 e3 45. Qe7 e2 46. d6 Ra8 47.
d7 Ra1+ 48. Kh2 e1=Q 49. d8=Q# 1-0

[Event "BL 8586 Lasker-Bayern"]
[Site "?"]
[Date "1985.??.??"]
[Round "?.2"]
[White "Muse, M."]
[Black "Kindermann, S."]
[Result "0-1"]
[WhiteElo "2430"]
[BlackElo "2480"]
[PlyCount "86"]
[EventDate "1985.??.??"]

1. d4 Nf6 2. c4 e6 3. Nf3 c5 4. d5 exd5 5. cxd5 d6 6. Nc3 g6 7. Nd2 Nbd7 8. e4
Bg7 9. Be2 O-O 10. O-O Re8 11. f4 c4 12. Kh1 Nc5 13. e5 dxe5 14. fxe5 Rxe5 15.
Nxc4 Re8 16. Bg5 h6 17. Bf4 Nfe4 18. Nb5 g5 19. Bc7 Qd7 20. a4 Na6 21. Bd6 f5
22. Bh5 Nxd6 23. Ncxd6 Rf8 24. Qe2 Nc5 25. Qe3 b6 26. Be8 Qd8 27. Bc6 Rb8 28.
Nxc8 Rxc8 29. Nxa7 Rc7 30. Nb5 Re7 31. Qf2 Ne4 32. Qc2 Be5 33. Nc3 Nxc3 34.
bxc3 Ref7 35. Rae1 Qd6 36. h3 Qf6 37. c4 Re7 38. Qd3 Bb8 39. Rxe7 Qxe7 40. Qd2
Qd6 41. g4 fxg4 42. Rxf8+ Qxf8 43. hxg4 Qf1# 0-1

[Event "BL 8586 Lasker-Bayern"]
[Site "?"]
[Date "1985.??.??"]
[Round "?.3"]
[White "Bischoff, K."]
[Black "Cladouras, P."]
[Result "1-0"]
[WhiteElo "2415"]
[BlackElo "2320"]
[PlyCount "110"]
[EventDate "1985.??.??"]

1. e4 e5 2. Nf3 Nc6 3. Bb5 a6 4. Ba4 Nf6 5. O-O Be7 6. Re1 b5 7. Bb3 d6 8. c3
O-O 9. d3 Na5 10. Bc2 c5 11. Nbd2 Qc7 12. Nf1 Be6 13. Bg5 Nc6 14. Ne3 h6 15.
Bh4 Rad8 16. Bb3 Rd7 17. a4 g5 18. axb5 axb5 19. Bg3 c4 20. dxc4 bxc4 21. Bxc4
Nxe4 22. Bxe6 fxe6 23. Nd5 exd5 24. Qxd5+ Kg7 25. Rxe4 Qb7 26. Rd1 Nb8 27. Qd3
Bf6 28. Re2 Re8 29. Nd4 e4 30. Qb1 Qd5 31. Red2 Red8 32. c4 Qxc4 33. Nf5+ Kg6
34. Nxd6 Qb4 35. Qc2 Na6 36. Nxe4 Rxd2 37. Rxd2 Rxd2 38. Nxd2+ Kg7 39. b3 Qd4
40. h3 Nb4 41. Qc7+ Kg6 42. Qd6 Nd5 43. Nc4 Qe4 44. Qc6 h5 45. Ne5+ Kh6 46. Nd7
Kg7 47. Nxf6 Qe1+ 48. Kh2 Nxf6 49. f4 Qe3 50. Qf3 Qc5 51. fxg5 Qxg5 52. Qf4 Qd5
53. b4 Kg6 54. Qe5 Qc4 55. b5 h4 1-0

[Event "BL 8586 Lasker-Bayern"]
[Site "?"]
[Date "1985.??.??"]
[Round "?.4"]
[White "Brunner, L."]
[Black "Hecht, H."]
[Result "1/2-1/2"]
[WhiteElo "2290"]
[BlackElo "2445"]
[PlyCount "30"]
[EventDate "1985.??.??"]

1. Nf3 Nf6 2. c4 b6 3. g3 Bb7 4. Bg2 g6 5. d4 c5 6. O-O Bg7 7. Nc3 cxd4 8. Nxd4
Bxg2 9. Kxg2 Qc8 10. Qd3 Nc6 11. b3 O-O 12. Bb2 Rd8 13. Rac1 Qb7 14. Qf3 Rab8
15. Rfd1 Nxd4 1/2-1/2

[Event "BL 8586 Lasker-Bayern"]
[Site "?"]
[Date "1985.??.??"]
[Round "?.5"]
[White "Calvo Minguez, R."]
[Black "Paulsen, D."]
[Result "1/2-1/2"]
[WhiteElo "2435"]
[BlackElo "2345"]
[PlyCount "126"]
[EventDate "1985.??.??"]

1. d4 Nf6 2. c4 e6 3. Nc3 d5 4. cxd5 exd5 5. Bg5 Be7 6. e3 Nbd7 7. Bd3 Nf8 8.
Nge2 Ne6 9. Bxf6 Bxf6 10. b4 c6 11. O-O g6 12. b5 c5 13. dxc5 Nxc5 14. Rc1 Be6
15. Bb1 Rc8 16. Nd4 O-O 17. Nxe6 fxe6 18. Qg4 Qe8 19. Qb4 Qe7 20. Ne2 Rc7 21.
b6 axb6 22. Qxb6 Rfc8 23. g3 Na4 24. Rxc7 Nxb6 25. Rxe7 Bxe7 26. Bd3 Kf7 27.
Rb1 Na4 28. Nf4 Rc7 29. h4 Nc3 30. Rb2 e5 31. Nh3 h6 32. Kg2 Kg7 33. Rb6 e4 34.
Bb1 g5 35. h5 Na4 36. Rb3 Nc3 37. Ng1 b5 38. a3 Bxa3 39. Bxe4 dxe4 40. Rxa3 b4
41. Rb3 Rb7 42. Kf1 Kf6 43. Ne2 Nxe2 44. Kxe2 Ke5 45. Kd2 Kd5 46. Rb1 Kc4 47.
Rc1+ Kb3 48. Rc6 Ka2 49. Kc1 Rf7 50. Rc2+ Kb3 51. Rb2+ Kc3 52. Rc2+ Kd3 53.
Rd2+ Kc4 54. Kb2 Kc5 55. Kb3 Rf6 56. g4 Ra6 57. Rd4 Ra3+ 58. Kb2 Rd3 59. Rxe4
Rd2+ 60. Kb3 Rxf2 61. Rxb4 Rf3 62. Re4 Kd5 63. Re8 Rg3 1/2-1/2

[Event "BL 8586 Lasker-Bayern"]
[Site "?"]
[Date "1985.??.??"]
[Round "?.6"]
[White "Jacoby, G."]
[Black "Hertneck, G."]
[Result "1/2-1/2"]
[WhiteElo "2305"]
[BlackElo "2410"]
[PlyCount "29"]
[EventDate "1985.??.??"]

1. e4 e6 2. d4 d5 3. Nd2 Nf6 4. e5 Nfd7 5. c3 c5 6. Bd3 b6 7. Nh3 Ba6 8. Bxa6
Nxa6 9. O-O Nc7 10. Nf4 Be7 11. Re1 b5 12. dxc5 Nxc5 13. Nb3 O-O 14. Nxc5 Bxc5
15. Be3 1/2-1/2

[Event "BL 8586 Lasker-Bayern"]
[Site "?"]
[Date "1985.??.??"]
[Round "?.8"]
[White "Schacht, H."]
[Black "Schubert, C."]
[Result "1/2-1/2"]
[WhiteElo "2270"]
[BlackElo "2255"]
[PlyCount "57"]
[EventDate "1985.??.??"]

1. d4 Nf6 2. c4 g6 3. Nc3 Bg7 4. e4 d6 5. Nf3 O-O 6. Be2 e5 7. O-O Nc6 8. d5
Ne7 9. Ne1 Nd7 10. Nd3 f5 11. Bd2 Nf6 12. f3 Kh8 13. Rc1 c5 14. dxc6 Nxc6 15.
Be3 Be6 16. b3 Nd4 17. Nf2 Nh5 18. Re1 Nf4 19. Bf1 Bg8 20. Ne2 Nfxe2+ 21. Bxe2
fxe4 22. Nxe4 d5 23. cxd5 Bxd5 24. Bc4 Bxe4 25. fxe4 Rc8 26. Qd2 Qh4 27. Bd5
Rxc1 28. Rxc1 b6 29. b4 1/2-1/2

[Event "BL 8586 München 36-Lasker"]
[Site "?"]
[Date "1985.??.??"]
[Round "?.1"]
[White "Wockenfuss, K."]
[Black "Smejkal, J."]
[Result "1/2-1/2"]
[WhiteElo "2370"]
[BlackElo "2565"]
[PlyCount "27"]
[EventDate "1985.??.??"]

1. d4 Nf6 2. Nc3 d5 3. Bg5 Nbd7 4. Nf3 g6 5. e3 Bg7 6. Bd3 O-O 7. O-O c5 8. Re1
b6 9. e4 dxe4 10. Nxe4 cxd4 11. Nxd4 Bb7 12. c3 Rc8 13. Qe2 Ne5 14. Bc2 1/2-1/2

[Event "BL 8586 München 36-Lasker"]
[Site "?"]
[Date "1985.??.??"]
[Round "?.3"]
[White "Cladouras, P."]
[Black "Bastian, H."]
[Result "0-1"]
[WhiteElo "2320"]
[BlackElo "2375"]
[PlyCount "120"]
[EventDate "1985.??.??"]

1. Nf3 Nf6 2. c4 g6 3. g3 Bg7 4. Bg2 O-O 5. O-O d6 6. Nc3 Nc6 7. Rb1 a5 8. d3
e5 9. a3 Nh5 10. b4 axb4 11. axb4 f5 12. Nd5 h6 13. b5 Ne7 14. Nd2 Kh8 15. Bb2
Nxd5 16. Bxd5 f4 17. Bg2 g5 18. Re1 Nf6 19. Ra1 Rb8 20. Bc3 Ng4 21. Ne4 fxg3
22. hxg3 Qe8 23. f3 Ne3 24. Qc1 Nf5 25. g4 Nd4 26. Qd1 h5 27. e3 Ne6 28. gxh5
Qxh5 29. Kf2 Qg6 30. Rh1+ Kg8 31. Ke2 Nc5 32. Nxc5 dxc5 33. Kd2 Be6 34. e4 Bxc4
35. dxc4 Rbd8+ 36. Kc2 Rxd1 37. Rhxd1 g4 38. Rd7 gxf3 39. Bf1 Rf7 40. Rd8+ Rf8
41. Rd7 Rf7 42. Rd8+ Kh7 43. Bd3 Qg2+ 44. Kb3 f2 45. Bf1 Qg3 46. Rd3 Rf3 47.
Rad1 Kg6 48. Rxf3 Qxf3 49. Kc2 Kf6 50. Bd3 Bh6 51. Rf1 Ke6 52. Ba5 b6 53. Bc3
Be3 54. Rd1 Bd4 55. Bd2 Kf6 56. Rf1 Kg6 57. Rg1+ Kh5 58. Rf1 Kh4 59. Rd1 Kg3
60. Bg5 Be3 0-1